Moholy-Nagy szerényebb volt [rövid hír] /

Elmentve itt :
Bibliográfiai részletek
Szerző: Szelesi Zoltán
Dokumentumtípus: Cikk
Megjelent: 1970-07-22
Sorozat:Délmagyarország 60 No. 170
Kulcsszavak:Moholy-Nagy László, Festészet Szeged 20. sz.
Online Access:http://dmarchiv.bibl.u-szeged.hu/62727
LEADER 00501nab a2200157 i 4500
001 delm62727
005 20180927151243.0
008 180927s1970 hu o 0|| hun d
040 |a SZTE Délmagyarország Archívum  |b hun 
041 |a hun 
100 1 |a Szelesi Zoltán 
245 1 0 |a Moholy-Nagy szerényebb volt   |h [elektronikus dokumentum] :  |b [rövid hír] /  |c  Szelesi Zoltán 
260 |c 1970-07-22 
300 |a 8 
490 0 |a Délmagyarország  |v 60 No. 170 
695 |a Moholy-Nagy László, Festészet Szeged 20. sz.